Studien zur pädagogischen Psychologie /

Uložené v:
Podrobná bibliografia
Hlavný autor: Stückrath, Fritz, 1902-1974 (Author)
Médium: Kniha
Jazyk:German
Vydané: Braunschweig : Georg Westermann Verlag, 1965.
Fyzický popis: 228 strán.
Tagy: Pridať tag
Žiadne tagy, Buďte prvý kto otaguje tento záznam!

MARC

LEADER 00000nam a22000002i 4500
001 000657708
005 20210217083707.0
008 210217s1965 gw e 000 0 ger d
020 |q (viazané) 
040 |a SVKKK  |b slo  |c SVKKK  |e rda 
100 1 |a Stückrath, Fritz,  |d 1902-1974  |4 aut 
245 1 0 |a Studien zur pädagogischen Psychologie /  |c Fritz Stückrath. 
264 1 |a Braunschweig :  |b Georg Westermann Verlag,  |c 1965. 
300 |a 228 strán. 
336 |a text  |b txt  |2 rdacontent 
337 |a bez média  |b n  |2 rdamedia 
338 |a zväzok  |b nc  |2 rdacarrier 
500 |a Záznam revízie 
910 |a svkkk 
998 |a BK 
090 |g SCKHL  |k Sklad Pribinova 2. posch.  |a III.98100  |j 418050  |i 2720693719  |s Absenčne